Effectiveness of E-learning in solving Polynomials among grade 7 students/ (Record no. 81991)
[ view plain ]
| 000 -LEADER | |
|---|---|
| fixed length control field | 03284nam a22002537a 4500 |
| 003 - CONTROL NUMBER IDENTIFIER | |
| control field | URS |
| 005 - DATE AND TIME OF LATEST TRANSACTION | |
| control field | 20250204192523.0 |
| 008 - FIXED-LENGTH DATA ELEMENTS--GENERAL INFORMATION | |
| fixed length control field | 250204b |||||||| |||| 00| 0 eng d |
| 050 00 - LIBRARY OF CONGRESS CALL NUMBER | |
| Classification number | LG 221.R59 |
| Item number | .Ap99 2018 |
| 100 1# - MAIN ENTRY--PERSONAL NAME | |
| Personal name | Apuya Emyren F. |
| Relator term | Researcher |
| 245 10 - TITLE STATEMENT | |
| Title | <a href="Effectiveness of E-learning in solving Polynomials among grade 7 students/">Effectiveness of E-learning in solving Polynomials among grade 7 students/</a> |
| Remainder of title | Emyren F. Apuya, Vevien Vhie Z. Usero [and] Marco I. Zonio |
| 260 #1 - PUBLICATION, DISTRIBUTION, ETC. (IMPRINT) | |
| Date of publication, distribution, etc | 2018 |
| 300 ## - PHYSICAL DESCRIPTION | |
| Extent | ii.73pages |
| Other physical details | illustration |
| Dimensions | 28cm |
| 336 ## - CONTENT TYPE | |
| Source | text |
| Content type term | rdaconten |
| 337 ## - MEDIA TYPE | |
| Source | rdamedia |
| Media type term | unmediated |
| 338 ## - CARRIER TYPE | |
| Source | rdacarrier |
| Carrier type term | volume |
| 502 ## - DISSERTATION NOTE | |
| Dissertation note | Undergraduate thesis<br/> |
| Degree type | Bachelor of Secondary Education major in mathematics<br/><br/> |
| Name of granting institution | University of Rizal system Rodriguez Rizal |
| Year degree granted | 2018 |
| 520 ## - SUMMARY, ETC. | |
| Summary, etc | Effectiveness of E-learning in solving polynomials among Grade 7 students Researchers: Emyren F. Apuya Vevien Vhie Z. Usero Marco I. Zonio Course: Bachelor of Secondary Education Major in Mathematics. Type of Document: Undergraduate Thesis 73 Number of Page: Name and Address of Institute: UNIVERSITY OF RIZAL SYSTEM COLLEGE OF EDUCATION Rodriguez, Rizal Summary: This study aimed to determine the Effectiveness of E-Learning Among Grade 7 Students. This was conducted during the School year 2017-2018 at Burgos National High School among the grade 7 students. This utilized the experimental Pretest-Posttest design. The study involved two (2) sections from twelve (12) heterogeneous sections in Grade 7 at Burgos National High School. The findings of the study are the following: The mean scores of both the control group and the experimental group during the pre-test and post-test increased from 22.3667 to 26.6000 and 22.8667 to 28.3667 respectively. iv There was a significant difference between the pre-test and post-test mean scores of control group and experimental group. There was a significant difference between the post-test mean scores of the control group and experimental group. Based on the findings of the study, the following conclusion were drawn. The performance of the students who used E-learning and those who utilized other tools during the discussion were both significantly improved. However, the performance of the students in solving polynomials using E-learning is better than those students who utilized other tools/techniques. Based on the findings of the study, the following recommendations are hereby offered by the researchers: The students focus more on their learning and they are encourage to be independent learners and pay attention to the deliveries of instructions. Further, students should learn how to manipulate E-learning to solve polynomials. Teachers should level up on their instructional material to improve their strategies in teaching in order to respond to the needs of students. School administrator should regularly and properly supervise the teachers to inspire them in their education activities. Parents should evaluate, motivate and update their children regarding the subject. Researchers' study should serve as a guide and a primer in conducting related research. |
| 650 ## - SUBJECT ADDED ENTRY--TOPICAL TERM | |
| Source of heading or term | E-Learning - Effectiveness. |
| 700 ## - ADDED ENTRY--PERSONAL NAME | |
| Personal name | Mercado, Florante J. |
| Relator term | Adviser. |
| 700 ## - ADDED ENTRY--PERSONAL NAME | |
| Personal name | Usero, Vevien Vhie Z. |
| Relator term | Researcher. |
| 700 ## - ADDED ENTRY--PERSONAL NAME | |
| Personal name | Zonio, Marco I. |
| Relator term | Researcher. |
| 942 ## - ADDED ENTRY ELEMENTS (KOHA) | |
| Source of classification or shelving scheme | Library of Congress Classification |
| Koha item type | Theses and dissertations |
No items available.